Imaginarius
Guardat en:
| Autor principal: | |
|---|---|
| Format: | Llibre |
| Idioma: | espanyol |
| Publicat: |
Santiago
LOM
2011
|
| Edició: | 1a. ed |
| Col·lecció: | Colección Narrativa
|
| Matèries: | |
| Etiquetes: |
Afegir etiqueta
Sense etiquetes, Sigues el primer a etiquetar aquest registre!
|
MARC
| LEADER | 00000cam a2200000 a 4500 | ||
|---|---|---|---|
| 001 | UCF1892 | ||
| 003 | CL-VaPUC | ||
| 008 | 120802e20110000CL |||||||||||||||||spa|d | ||
| 020 | |a 9789560002600 | ||
| 082 | 0 | 4 | |a Ur863 |b VAZ |2 21 |
| 100 | 0 | |a Vázquez, Marcos |e author |9 563428 | |
| 245 | 1 | 0 | |a Imaginarius |
| 250 | |a 1a. ed | ||
| 300 | |a 164 p | ||
| 942 | |c BK | ||
| 945 | |d 20120802 00:00:00 |a cmena | ||
| 260 | |a Santiago |b LOM |c 2011 | ||
| 500 | |a Ilustraciones: Renzo Vayra | ||
| 500 | |a Qué sucedería si tu videojuego favorito te transportara a un increíble mundo donde tengas que enfrentar a uno de los villanos más malvados de la historia? | ||
| 500 | |a Serías capaz de vencer a insectos gigantes, resolver acertijos y superar difíciles pruebas para volver sano y salvo a tu hogar? | ||
| 500 | |a Maxi y Lara están a punto de descubrir que Imaginarius es mucho más que un videojuego. En sus manos estará la llave para liberar a personas, tan reales como ellos, de la opresión de Maléficus | ||
| 650 | 0 | |a Novelas uruguayas |9 317140 | |
| 650 | 0 | |a Novelas juveniles |9 545094 | |
| 650 | 0 | |a Literatura uruguaya |9 342815 | |
| 583 | |a last modification |c 20120802 10:35:00 |k Rodrigo Vera | ||
| 490 | 0 | |a Colección Narrativa | |
| 999 | |c 348580 |d 348578 | ||
| 952 | |0 0 |1 0 |4 0 |6 UR_863_000000000000000_VAZ_2011 |7 0 |8 A |9 450665 |a BIBING |b BIBING |d 2019-11-22 |i 4871138 |o Ur863 VAZ 2011 |p 4871138 |r 2025-01-20 |w 2019-11-22 |y BK |k CUI | ||